Normal view
MARC view
- Urdu language
Entry Topical Term
001 - CONTROL NUMBER
- control field: 38870
003 - CONTROL NUMBER IDENTIFIER
- control field: NUST
005 - DATE AND TIME OF LATEST TRANSACTION
- control field: 20210314131305.0
008 - FIXED-LENGTH DATA ELEMENTS
- fixed length control field: 210314|| aca||aabn | a|a d
040 ## - CATALOGING SOURCE
- Original cataloging agency: NUST
- Transcribing agency: NUST
150 ## - HEADING--TOPICAL TERM
- Topical term or geographic name entry element: Urdu language
- General subdivision: English
670 ## - SOURCE DATA FOUND
- Source citation: Work cat.: (NUST): Haidari, Mohamed Akbar Khan. 38869, The army Urdu teacher;, 1930.
